[Event "EU-ch U18 Girls"]
[Site "Bratislava"]
[Date "2019.08.05"]
[Round "4"]
[White "Karatiken, Seray"]
[Black "Louka, Magdalini"]
[Result "1-0"]
[WhiteElo "1674"]
[BlackElo "1740"]
[PlyCount "47"]
[EventDate "2019.08.02"]
[EventType "swiss"]
[EventRounds "9"]
[EventCountry "SVK"]
[SourceTitle "CBM 191 Extra"]
[Source "ChessBase"]
[SourceDate "2019.09.30"]
[SourceVersion "1"]
[SourceVersionDate "2019.09.30"]
[SourceQuality "1"]

1. d4 d5 2. Nf3 Nf6 3. e3 e6 4. b3 Bd6 5. Bb2 0-0 6. Bd3 Nbd7 7. 0-0 c5 8. Ne5 b6 9. Nd2 Bb7 10. f4 Ne4 11. Rf3 f6 12. Nxd7 Qxd7 13. Rh3 Qf7 14. c4 cxd4 15. Bxd4 e5 16. cxd5 Bc8 17. Rh4 g5 18. Rh6 Kg7 19. Rh5 exd4 20. Nxe4 g4 21. Rxh7+ Kxh7 22. Nxd6+ Kg7 23. Nxf7 Kxf7 24. e4 1-0

[Event "EU-ch U18 Girls"]
[Site "Bratislava"]
[Date "2019.08.04"]
[Round "3"]
[White "Koljevic, Nikolina"]
[Black "Karatiken, Seray"]
[Result "1-0"]
[WhiteElo "1972"]
[BlackElo "1674"]
[PlyCount "78"]
[EventDate "2019.08.02"]
[EventType "swiss"]
[EventRounds "9"]
[EventCountry "SVK"]
[SourceTitle "CBM 191 Extra"]
[Source "ChessBase"]
[SourceDate "2019.09.30"]
[SourceVersion "1"]
[SourceVersionDate "2019.09.30"]
[SourceQuality "1"]

1. e4 c5 2. Nf3 d6 3. d4 cxd4 4. Nxd4 Nf6 5. Nc3 e6 6. g3 a6 7. Bg2 Be7 8. 0-0 0-0 9. a4 Qc7 10. h3 Nc6 11. Nde2 Rd8 12. Be3 Na5 13. b3 Rb8 14. Qd3 b6 15. f4 d5 16. e5 Ne8 17. Nd4 Nc6 18. Nce2 Bc5 19. c3 Bxd4 20. Nxd4 Nxd4 21. Bxd4 a5 22. Rf2 g6 23. g4 Ng7 24. Bf3 Bd7 25. Bd1 b5 26. axb5 Bxb5 27. Qg3 Ra8 28. h4 Kh8 29. Kh2 Kg8 30. Kh1 Qd7 31. Bc2 a4 32. b4 h5 33. Qe3 Kh7 34. Qf3 Kh6 35. gxh5 Nxh5 36. Qg4 Kg7 37. Rg2 Rh8 38. Bc5 Rhe8 39. Qxh5 d4 1-0

[Event "TUR-chT 2nd League"]
[Site "Konya"]
[Date "2019.07.25"]
[Round "6.7"]
[White "Karatiken, Seray"]
[Black "Konal, Emine Nursel"]
[Result "1-0"]
[WhiteElo "1764"]
[BlackElo "1306"]
[PlyCount "93"]
[EventDate "2019.07.22"]
[EventType "team-swiss"]
[EventRounds "9"]
[EventCountry "TUR"]
[SourceTitle "CBM 191 Extra"]
[Source "ChessBase"]
[SourceDate "2019.09.30"]
[SourceVersion "1"]
[SourceVersionDate "2019.09.30"]
[SourceQuality "1"]
[WhiteTeam "Marmara Universitesi"]
[BlackTeam "Dogukisla Genclik Spor"]
[WhiteTeamCountry "TUR"]
[BlackTeamCountry "TUR"]

1. d4 Nf6 2. c4 g6 3. Nc3 Bg7 4. e4 d6 5. Be2 b6 6. Bf3 c6 7. h3 Bb7 8. Be3 Nbd7 9. Nge2 c5 10. e5 Bxf3 11. exf6 Nxf6 12. gxf3 0-0 13. dxc5 bxc5 14. Qd2 a5 15. Bh6 a4 16. Bxg7 Kxg7 17. Nf4 Nd7 18. Rg1 Ne5 19. Qe2 Qa5 20. a3 Rab8 21. Kf1 Rb3 22. Kg2 Rfb8 23. Rab1 Qa8 24. Nfd5 Qb7 25. Qe4 Qd7 26. f4 Nc6 27. f5 Ne5 28. Ne3 Rxb2 29. Rxb2 Rxb2 30. fxg6 hxg6 31. Ng4 Nc6 32. Qf4 Nd4 33. Nd5 Qb7 34. Qh6+ Kg8 35. Kh2 Rxf2+ 36. Nxf2 Nf3+ 37. Kg2 Nxg1 38. Kxg1 Qb1+ 39. Kg2 Qe1 40. Qe3 Qa1 41. Nxe7+ Kg7 42. Nd5 Qe5 43. Qxe5+ dxe5 44. Ne4 f5 45. Nxc5 Kf7 46. h4 e4 47. Kg3 1-0

[Event "TUR-chT 2nd League"]
[Site "Konya"]
[Date "2019.07.22"]
[Round "1.1"]
[White "Karatiken, Seray"]
[Black "Kara, Gulce Nehir"]
[Result "0-1"]
[WhiteElo "1764"]
[BlackElo "1767"]
[PlyCount "110"]
[EventDate "2019.07.22"]
[EventType "team-swiss"]
[EventRounds "9"]
[EventCountry "TUR"]
[SourceTitle "CBM 191 Extra"]
[Source "ChessBase"]
[SourceDate "2019.09.30"]
[SourceVersion "1"]
[SourceVersionDate "2019.09.30"]
[SourceQuality "1"]
[WhiteTeam "Marmara Universitesi"]
[BlackTeam "Apaydin Satranc Spor"]
[WhiteTeamCountry "TUR"]
[BlackTeamCountry "TUR"]

1. d4 Nf6 2. Nf3 g6 3. c4 Bg7 4. Nc3 0-0 5. e4 d6 6. Be2 Bg4 7. h3 Bxf3 8. Bxf3 Nfd7 9. Be2 e5 10. Be3 Nc6 11. d5 Nd4 12. 0-0 a5 13. a3 Nc5 14. Bd3 Ncb3 15. Rb1 f5 16. Bc2 Nxc2 17. Qxc2 Nc5 18. f3 f4 19. Bf2 g5 20. b4 axb4 21. axb4 Nd7 22. c5 h5 23. Nb5 dxc5 24. bxc5 Rf6 25. Ra1 Rb8 26. Qc4 Kh8 27. d6 c6 28. Nc7 Rh6 29. Qf7 Nf8 30. Qe7 Bf6 31. Qxd8 Bxd8 32. Ra7 Rh7 33. Na8 b5 34. Rxh7+ Kxh7 35. Ra1 b4 36. Nb6 Bxb6 37. cxb6 Nd7 38. Rb1 c5 39. Rc1 b3 40. Bxc5 b2 41. Rb1 Nxc5 42. Rxb2 Nd7 43. b7 Kg6 44. Kf2 Kf6 45. g3 Ke6 46. h4 g4 47. gxf4 exf4 48. Rb5 Ne5 49. fxg4 hxg4 50. d7 Nxd7 51. Rf5 Ne5 52. Kg2 f3+ 53. Kf2 Rxb7 54. Rg5 Rb2+ 55. Kf1 Nd3 0-1

[Event "TUR-chT 1st League"]
[Site "Konya"]
[Date "2018.07.19"]
[Round "6.11"]
[White "Goksu, Beyza"]
[Black "Karatiken, Seray"]
[Result "0-1"]
[WhiteElo "1055"]
[BlackElo "1675"]
[PlyCount "84"]
[EventDate "2018.07.16"]
[EventType "team-swiss"]
[EventRounds "9"]
[EventCountry "TUR"]
[SourceTitle "EXT 2019"]
[Source "ChessBase"]
[SourceDate "2018.10.10"]
[SourceVersion "1"]
[SourceVersionDate "2018.10.10"]
[SourceQuality "1"]
[WhiteTeam "Ego Spor"]
[BlackTeam "Dogukisla Genclik Spor"]
[WhiteTeamCountry "TUR"]
[BlackTeamCountry "TUN"]

1. c4 c6 2. Nc3 d5 3. e3 Nf6 4. Nf3 e6 5. d4 Be7 6. Bd3 dxc4 7. Bxc4 b5 8. Bb3 a6 9. 0-0 0-0 10. Bc2 Bb7 11. b3 Nbd7 12. Bb2 c5 13. dxc5 Nxc5 14. Qe2 Rc8 15. Rac1 Qb6 16. b4 Ncd7 17. a3 Bxf3 18. Qxf3 Ne5 19. Qe2 Nc4 20. Bd3 Nxb2 21. Qxb2 Qd6 22. Rfd1 Qe5 23. Rc2 Ng4 24. g3 Bf6 25. Rdc1 Qh5 26. h4 g5 27. Be2 gxh4 28. gxh4 Qxh4 29. Bxg4 Qxg4+ 30. Kf1 Kh8 31. Rd2 Qc4+ 32. Ne2 Bxb2 33. Rxc4 Rxc4 34. Rxb2 Rfc8 35. Rb3 h5 36. Kg2 Rg8+ 37. Kh3 Rc2 38. Nf4 Rxf2 39. Nxh5 Rf1 40. Kh2 Rf5 41. Ng3 Rf2+ 42. Kg1 Rf3 0-1

[Event "TUR-ch (Women)"]
[Site "Antalya"]
[Date "2018.03.06"]
[Round "2"]
[White "Sen, Nehir"]
[Black "Karatiken, Seray"]
[Result "0-1"]
[WhiteElo "1224"]
[BlackElo "1667"]
[PlyCount "102"]
[EventDate "2018.03.05"]
[EventType "swiss"]
[EventRounds "9"]
[EventCountry "TUR"]
[SourceTitle "CBM 183 Extra"]
[Source "ChessBase"]
[SourceDate "2018.04.19"]
[SourceVersion "1"]
[SourceVersionDate "2018.04.19"]
[SourceQuality "1"]

1. d4 d5 2. Nf3 Nf6 3. g3 Bf5 4. Bg2 Nc6 5. a3 e6 6. 0-0 Be7 7. c4 dxc4 8. Qa4 0-0 9. Qxc4 Nd7 10. e3 Nb6 11. Qb3 Bf6 12. Nfd2 a5 13. Nc3 a4 14. Qb5 Ra5 15. Qe2 Nd5 16. Qc4 Nxc3 17. bxc3 Ra6 18. Rb1 Bxb1 19. Nxb1 Qc8 20. Nd2 Ne7 21. Ne4 Nd5 22. Nc5 Ra7 23. Bxd5 exd5 24. Qxd5 Be7 25. Qc4 Bxc5 26. Qxc5 Ra6 27. Bd2 Re8 28. Rb1 Ree6 29. c4 Rf6 30. e4 Rac6 31. Qd5 Rfd6 32. Qe5 f6 33. Qh5 Rxd4 34. Bc3 Rxe4 35. Qd5+ Qe6 36. Qd8+ Qe8 37. Qd5+ Ree6 38. Rxb7 Rcd6 39. Qc5 Rd1+ 40. Kg2 Qc6+ 41. Qxc6 Rxc6 42. Rb8+ Kf7 43. Bb4 Rxc4 44. Rf8+ Kg6 45. h4 c5 46. Ba5 Rd3 47. Bc7 Rxa3 48. Bf4 Rd3 49. Be3 a3 50. Kh3 a2 51. g4 Rxe3+ 0-1

[Event "TUR-ch (Women)"]
[Site "Aksu"]
[Date "2017.03.07"]
[Round "2"]
[White "Karatiken, Seray"]
[Black "Acarbay, Algi"]
[Result "0-1"]
[WhiteElo "1521"]
[BlackElo "1800"]
[PlyCount "78"]
[EventDate "2017.03.06"]
[EventType "swiss"]
[EventRounds "9"]
[EventCountry "TUR"]
[SourceTitle "CBM 177 Extra"]
[Source "ChessBase"]
[SourceDate "2017.04.27"]
[SourceVersion "1"]
[SourceVersionDate "2017.04.27"]
[SourceQuality "1"]

1. e4 c5 2. Nf3 g6 3. d4 cxd4 4. Nxd4 Nc6 5. Nc3 Bg7 6. Be3 Nf6 7. Nxc6 bxc6 8. e5 Ng8 9. Bd4 Qc7 10. e6 Nf6 11. exf7+ Kxf7 12. Bc4+ e6 13. 0-0 d5 14. Bb3 e5 15. Be3 Be6 16. Bg5 Rhe8 17. Na4 Qd6 18. f4 e4 19. h3 h5 20. c4 d4 21. c5 Qd7 22. Bxe6+ Rxe6 23. f5 Re5 24. fxg6+ Kxg6 25. Bf4 Rd5 26. Bd6 Re8 27. Qb3 Kh7 28. Qg3 e3 29. Rfe1 Ne4 30. Qf3 Nxd6 31. cxd6 Qxd6 32. Rad1 Qe6 33. Qe2 Rg5 34. h4 Rg4 35. Nc5 Qd6 36. Qc2+ Kh8 37. Qf5 Rxh4 38. Nd3 Qh2+ 39. Kf1 Rf8 0-1

[Event "EU-ch U16 Girls 26th"]
[Site "Prague"]
[Date "2016.08.26"]
[Round "8"]
[White "Blond Hanten, Elsa"]
[Black "Karatiken, Seray"]
[Result "1/2-1/2"]
[WhiteElo "1731"]
[BlackElo "1489"]
[PlyCount "102"]
[EventDate "2016.08.18"]
[EventType "swiss"]
[EventRounds "9"]
[EventCountry "CZE"]
[SourceTitle "CBM 174 Extra"]
[Source "ChessBase"]
[SourceDate "2016.10.10"]
[SourceVersion "1"]
[SourceVersionDate "2016.10.10"]
[SourceQuality "1"]

1. e4 c5 2. Nf3 d6 3. d4 cxd4 4. Nxd4 Nf6 5. Nc3 a6 6. g3 e5 7. Nde2 Be7 8. Bg2 0-0 9. h3 Nbd7 10. g4 b5 11. Ng3 b4 12. Nd5 a5 13. Nxe7+ Qxe7 14. Nf5 Qe6 15. Nxd6 Nc5 16. Nxc8 Raxc8 17. Qe2 Qc6 18. Bg5 Na4 19. Bxf6 Qxf6 20. b3 Nc3 21. Qe3 Rfd8 22. 0-0 Qd6 23. Bf3 Qd2 24. Qb6 Qf4 25. Bg2 Ra8 26. a3 Rdb8 27. Qc6 Rc8 28. Qb6 Rcb8 29. Qe3 Qxe3 30. fxe3 bxa3 31. Rxa3 Rb4 32. Rfa1 f6 33. Rxa5 Rxa5 34. Rxa5 Nd1 35. Ra4 Rb7 36. b4 Nxe3 37. c3 Kf7 38. Bf1 Nd1 39. Ra3 Nxc3 40. Rxc3 Rxb4 41. Bd3 Rd4 42. Kf2 Kg6 43. Ke3 h5 44. gxh5+ Kxh5 45. Rc2 Rd6 46. Rg2 g6 47. Bc4 f5 48. Bf7 fxe4 49. Kxe4 Rf6 50. Bc4 Rf4+ 51. Kd5 Kh4 1/2-1/2

[Event "TUR-ch (Women)"]
[Site "Cesme"]
[Date "2016.03.09"]
[Round "5"]
[White "Karatiken, Seray"]
[Black "Kara, Gulce Nehir"]
[Result "0-1"]
[WhiteElo "1427"]
[BlackElo "1487"]
[PlyCount "116"]
[EventDate "2016.03.07"]
[EventType "swiss"]
[EventRounds "9"]
[EventCountry "TUR"]
[SourceTitle "CBM 171 Extra"]
[Source "ChessBase"]
[SourceDate "2016.04.26"]
[SourceVersion "1"]
[SourceVersionDate "2016.04.26"]
[SourceQuality "1"]

1. d4 Nf6 2. c4 e6 3. Nc3 d5 4. e3 Be7 5. Nf3 0-0 6. a3 b6 7. Be2 Bb7 8. 0-0 Nbd7 9. b4 c5 10. dxc5 bxc5 11. bxc5 Nxc5 12. cxd5 Nxd5 13. Nxd5 Bxd5 14. Bb2 Rc8 15. Rc1 Bf6 16. Bxf6 Qxf6 17. Qd4 Qxd4 18. Nxd4 Nb3 19. Nxb3 Bxb3 20. Ba6 Rxc1 21. Rxc1 Rd8 22. Kf1 Rd1+ 23. Rxd1 Bxd1 24. Ke1 Ba4 25. Kd2 Bc6 26. f3 Kf8 27. Kd3 Ke7 28. Kd4 Kd6 29. e4 f6 30. Bd3 g6 31. g4 g5 32. Be2 Ba4 33. Bd3 Bd1 34. Ke3 Kc5 35. e5 fxe5 36. Bxh7 Kb5 37. Bg8 Bc2 38. Bxe6 Ka4 39. Kd2 Bb3 40. Bxb3+ Kxb3 41. Kd3 Kxa3 42. Kc3 a6 43. h3 a5 44. h4 gxh4 45. g5 h3 46. g6 h2 47. g7 h1Q 48. g8Q Qxf3+ 49. Kd2 Qf4+ 50. Kc2 Qf2+ 51. Kd3 Qf3+ 52. Kd2 e4 53. Qc8 Qf2+ 54. Kd1 Qf1+ 55. Kd2 Qf2+ 56. Kd1 Qd4+ 57. Ke1 Kb2 58. Qb8+ Qb4+ 0-1

[Event "TUR-chT"]
[Site "Denizli"]
[Date "2013.07.08"]
[Round "11.8"]
[White "Kaplan, Ebru"]
[Black "Karatiken, Seray"]
[Result "1-0"]
[WhiteElo "1893"]
[BlackElo "1277"]
[PlyCount "81"]
[EventDate "2013.06.29"]
[EventType "team-tourn"]
[EventRounds "13"]
[EventCountry "TUR"]
[SourceTitle "CBM 155 Extra"]
[Source "ChessBase"]
[SourceDate "2013.08.26"]
[SourceVersion "1"]
[SourceVersionDate "2013.08.26"]
[SourceQuality "1"]
[WhiteTeam "Tarsus Zeka"]
[BlackTeam "Ceyhan Belediye"]
[WhiteTeamCountry "TUR"]
[BlackTeamCountry "TUR"]

1. e4 c5 2. Nc3 Nc6 3. f4 g6 4. g3 Bg7 5. Nf3 d6 6. Bg2 e6 7. d3 Nge7 8. Bd2 0-0 9. Qc1 Qc7 10. Nd1 e5 11. 0-0 Nd4 12. Nxd4 cxd4 13. c4 b6 14. Nf2 Rb8 15. g4 f5 16. exf5 gxf5 17. gxf5 Bxf5 18. Ne4 Qd7 19. Bb4 Bxe4 20. Bxe4 Bh6 21. Bd2 Kh8 22. Kh1 Qh3 23. Rf3 Qh4 24. f5 Bxd2 25. Qxd2 Qf6 26. Raf1 Rf7 27. Rh3 Rg8 28. Rh6 Qg5 29. Qxg5 Rxg5 30. h4 Rg4 31. Kh2 Nc8 32. Kh3 Kg7 33. Re6 Rg6 34. fxg6 Rxf1 35. gxh7 Rf8 36. h5 Rh8 37. Kg4 Rf8 38. Kg5 Rh8 39. Rf6 Rxh7 40. Bxh7 Kxh7 41. Rf8 1-0

[Event "TUR-chT"]
[Site "Denizli"]
[Date "2013.07.02"]
[Round "4.10"]
[White "Hocalar, Ozge"]
[Black "Karatiken, Seray"]
[Result "1/2-1/2"]
[WhiteElo "1508"]
[BlackElo "1277"]
[PlyCount "132"]
[EventDate "2013.06.29"]
[EventType "team-tourn"]
[EventRounds "13"]
[EventCountry "TUR"]
[SourceTitle "CBM 155 Extra"]
[Source "ChessBase"]
[SourceDate "2013.08.26"]
[SourceVersion "1"]
[SourceVersionDate "2013.08.26"]
[SourceQuality "1"]
[WhiteTeam "Alyans Satranc"]
[BlackTeam "Ceyhan Belediye"]
[WhiteTeamCountry "TUR"]
[BlackTeamCountry "TUR"]

1. e4 c5 2. Nf3 d6 3. Bb5+ Bd7 4. Bxd7+ Qxd7 5. 0-0 Nc6 6. Qe2 Nf6 7. Rd1 e6 8. d4 cxd4 9. Nxd4 Nxd4 10. Rxd4 Qc7 11. Nc3 a6 12. Be3 Rc8 13. Rad1 Be7 14. Bg5 0-0 15. R1d3 Qb6 16. Nd1 Qc5 17. c3 Qxg5 18. Rg3 Qc5 19. Kh1 Nh5 20. Rf3 Nf6 21. Ne3 Qb5 22. Qxb5 axb5 23. Nc2 d5 24. exd5 Nxd5 25. h3 Rc4 26. Rdd3 Rfc8 27. Ne3 Nxe3 28. Rfxe3 R4c7 29. Re4 h6 30. Rd2 Bg5 31. Rd1 Be7 32. a4 bxa4 33. Rxa4 Rd8 34. Rxd8+ Bxd8 35. Rd4 Bf6 36. Rd2 Rc5 37. Kh2 Rd5 38. Re2 Kf8 39. Kg3 Bg5 40. Kf3 Rd2 41. Rxd2 Bxd2 42. Ke4 Bc1 43. b4 Bg5 44. Kd4 Bd8 45. c4 Ke7 46. Kc5 Kd7 47. f3 Kc7 48. g4 Be7+ 49. Kb5 b6 50. c5 bxc5 51. bxc5 Bxc5 52. Kxc5 Kd7 53. Kd4 Kd6 54. Ke4 Ke7 55. Ke5 f6+ 56. Ke4 Kf7 57. h4 Kg6 58. Kf4 h5 59. Ke4 hxg4 60. fxg4 f5+ 61. gxf5+ exf5+ 62. Ke5 Kh5 63. Kxf5 g6+ 64. Kf6 Kh6 65. Kf7 Kh7 66. Kf6 Kh6 1/2-1/2